| 000 | 00639nam a22002177a 4500 | ||
|---|---|---|---|
| 003 | AR-RoIUNI | ||
| 005 | 20241122062746.0 | ||
| 008 | 190702b xxu||||| |||| 00| 0 spa d | ||
| 020 | _a139789879720653 | ||
| 040 | _cIUNIR | ||
| 080 | _a616-053 SIH | ||
| 245 | 1 |
_aIII Manual de Otorrinolaringología Pediátrica de la IAPO _cIAPO. Interamerican Association of Pediatric Otorrinolaringology |
|
| 260 |
_aBuenos Aires _bElea _c2006 |
||
| 650 | 1 | 0 |
_aMedicina _958 |
| 650 | 1 | 0 |
_9125 _aPediatría |
| 650 | 1 | 0 |
_9378 _aOtorrinolaringología |
| 700 | 1 | _aSih, Tania | |
| 700 | _aChinski, Alberto | ||
| 700 | _aEavey, Roland | ||
| 942 |
_2cdu _cBK |
||
| 999 |
_c4852 _d4852 |
||